000 00599nam a22001817a 4500
999 _c8287
_d8287
008 201105b ||||| |||| 00| 0 eng d
040 _aBMS College of Architecture
100 _aSiri T K
245 _aBridging the Gap- Rstoration of forgotten urban voids
300 _a34p.
502 _8M.Arch (Habitat Design
_NBMS College of Architecture, Visvesvaraya Technological Univesity (VTU)
_aDessertation
_d2019
650 _aurban voids
700 _aMamatha P Raj
_eGuide
700 _aRachana D R
_eGuide
700 _aPooja S
_eGuide
700 _aSadashiv Chakravarthy
_eGuide
942 _2ddc
_cTHE